Т. 3; Второй Съезд народных депутатов СССР, 12-24 декабря 1989 г.

Bibliografische gegevens
Parent link:Второй Съезд народных депутатов СССР, 12-24 декабря 1989 г.: стенографический отчет. Т. 3.— , 1990-
Taal:Russisch
Gepubliceerd in: 1990
Onderwerpen:
Formaat: MixedMaterials Boek
KOHA link:https://koha.lib.tpu.ru/cgi-bin/koha/opac-detail.pl?biblionumber=197120

MARC

LEADER 00000nam2a2200000 4500
001 197120
005 20231031183332.0
010 |a 5206001414 
035 |a (RuTPU)RU\TPU\book\215018 
035 |a RU\TPU\book\215014 
090 |a 197120 
100 |a 20110606d1990 km y0rusy50 ca 
101 0 |a rus 
102 |a RU 
105 |a y z 000zy 
200 0 |a Т. 3 
210 |d 1990 
215 |a 640 с. 
461 1 |0 (RuTPU)RU\TPU\book\180255  |t Второй Съезд народных депутатов СССР, 12-24 декабря 1989 г.  |o стенографический отчет  |o в 6 т.  |v Т. 3  |d 1990- 
610 1 |a съезды народных депутатов 
610 1 |a социальная политика 
610 1 |a Конституция 
610 1 |a избирательная система 
610 1 |a экономика 
610 1 |a оздоровление 
610 1 |a экономические реформы 
610 1 |a организованная преступность 
686 |a Х620.6  |v LBC/SL-A  |2 rubbk 
801 1 |a RU  |b 63413507  |c 20110606 
801 2 |a RU  |b 63413507  |c 20110616  |g RCR 
942 |c BK